Observaciones sobre la biología del camarón azul (<Penaeus stylirostris stimpson>) (Registro nro. 15074)
[ vista simple ]
| 000 -CABECERA | |
|---|---|
| Campo de control | 004130000a22001330004500 |
| 090 ## - CLASIFICACIÓN LOCAL | |
| Colección | AS |
| Consecutivo | Seriadas |
| 041 0# - IDIOMA | |
| Código de idioma para texto/pista de sonido o título separado | |
| 100 1# - ASIENTO PRINCIPAL--NOMBRE PERSONAL | |
| Nombre personal | Prahl, Henry von |
| 245 10 - MENCION DE TITULO | |
| Título | Observaciones sobre la biología del camarón azul (<Penaeus stylirostris stimpson>) |
| 700 1# - ASIENTO SECUNDARIO - NOMBRE PERSONAL | |
| Nombre personal | Gardeazábal, Marcial |
| 700 1# - ASIENTO SECUNDARIO - NOMBRE PERSONAL | |
| Nombre personal | Arreaza, Rafael |
| 773 1# - Item fuente: | |
| Título | Cespedesia |
| Especificación de materiales | 124 |
| Descripción física | 25-26 |
| Paginas del Articulo | 25-47 |
| Lugar, editorial y fecha de publicación | 1978 |
| Información sobre la relación | 7 |
| 942 ## - ELEMENTOS ADICIONALES (KOHA) | |
| Tipo de ítem | Artículo |
No hay ítems disponibles.